[Event "Florianopolis op 6th"]
[Site "Florianopolis"]
[Date "2020.01.25"]
[Round "9"]
[White "Boabaid, Jorge Alberto Duard"]
[Black "Salvadego, Erika Giovana De O"]
[Result "1-0"]
[WhiteElo "1823"]
[BlackElo "1461"]
[PlyCount "51"]
[EventDate "2020.01.20"]
[EventType "swiss"]
[EventRounds "10"]
[EventCountry "BRA"]
[SourceTitle "CBM 194 Extra"]
[Source "ChessBase"]
[SourceDate "2020.03.31"]
[SourceVersion "1"]
[SourceVersionDate "2020.03.31"]
[SourceQuality "1"]

1. e4 e6 2. d4 d5 3. Nc3 Bb4 4. e5 c5 5. a3 Bxc3+ 6. bxc3 Ne7 7. a4 Nbc6 8. Nf3 0-0 9. Bd3 h6 10. 0-0 Bd7 11. Ba3 c4 12. Be2 Qa5 13. Qd2 Rfe8 14. Rfb1 Qc7 15. Nh4 Nc8 16. Bh5 Nb6 17. Bd6 Qd8 18. Qf4 g6 19. Bxg6 fxg6 20. Qxh6 Ne7 21. a5 Nbc8 22. Rxb7 Bc6 23. Nxg6 Rf8 24. Qh8+ Kf7 25. Qh7+ Ke8 26. Bxe7 1-0

[Event "Florianopolis op 6th"]
[Site "Florianopolis"]
[Date "2020.01.21"]
[Round "2"]
[White "Salvadego, Erika Giovana De O"]
[Black "Melo, Sergio Roberto Samp"]
[Result "1/2-1/2"]
[WhiteElo "1461"]
[BlackElo "1724"]
[PlyCount "49"]
[EventDate "2020.01.20"]
[EventType "swiss"]
[EventRounds "10"]
[EventCountry "BRA"]
[SourceTitle "CBM 194 Extra"]
[Source "ChessBase"]
[SourceDate "2020.03.31"]
[SourceVersion "1"]
[SourceVersionDate "2020.03.31"]
[SourceQuality "1"]

1. d4 Nf6 2. Nf3 b6 3. Bg5 Ne4 4. Bf4 Bb7 5. c3 e6 6. e3 Be7 7. Nbd2 d6 8. Nxe4 Bxe4 9. Nd2 Bb7 10. e4 Nd7 11. Bd3 e5 12. Be3 Bg5 13. 0-0 Bxe3 14. fxe3 Nf6 15. Qf3 Qd7 16. Qg3 Qg4 17. Qf2 0-0 18. d5 Qg5 19. Nf3 Qh6 20. h3 Bc8 21. Nd2 Qg5 22. Nf3 Qh6 23. Nd2 Qg5 24. Nf3 Qh6 25. Qd2 1/2-1/2

[Event "South America-ch U16 Girls 16th"]
[Site "Buenos Aires"]
[Date "2019.12.04"]
[Round "6.9"]
[White "Quintana Chanduvi, Daniela Sofia"]
[Black "Salvadego, Erika Giovana De O"]
[Result "1-0"]
[WhiteElo "1286"]
[BlackElo "1502"]
[PlyCount "95"]
[EventDate "2019.12.01"]
[EventType "swiss"]
[EventRounds "9"]
[EventCountry "ARG"]
[SourceTitle "EXT 2024"]
[Source "ChessBase"]
[SourceDate "2023.10.10"]
[SourceVersion "1"]
[SourceVersionDate "2023.10.10"]
[SourceQuality "1"]

1. e4 e6 2. d4 d5 3. Nd2 Nf6 4. e5 Nfd7 5. Bd3 c5 6. c3 Nc6 7. Ne2 cxd4 8. cxd4 f6 9. exf6 Nxf6 10. 0-0 Bd6 11. Nf3 0-0 12. a3 Qc7 13. h3 Nh5 14. Qc2 g6 15. Bh6 Rxf3 16. gxf3 Nf4 17. h4 Nh3+ 18. Kg2 Nf4+ 19. Nxf4 Bxf4 20. Bg5 Bxg5 21. hxg5 Qf4 22. Qc1 Qxd4 23. Rd1 Qh4 24. Rh1 Qd4 25. Qc2 Qf4 26. Qc1 Qd4 27. Qe3 Qxb2 28. Rag1 Qe5 29. f4 Qg7 30. Rh2 e5 31. Rgh1 e4 32. Rxh7 Qxh7 33. Rxh7 Kxh7 34. Bb5 Ne7 35. Qc5 Nf5 36. Qc7+ Kg8 37. Bd7 Bxd7 38. Qxd7 d4 39. Qd5+ Kf8 40. Qe5 Re8 41. Qf6+ Kg8 42. Qxg6+ Ng7 43. f5 Kf8 44. f6 Ne6 45. Qh6+ Kf7 46. Qh7+ Kf8 47. g6 Nf4+ 48. Kf1 1-0

[Event "South America-ch U16 Girls 16th"]
[Site "Buenos Aires"]
[Date "2019.12.02"]
[Round "2.9"]
[White "Acosta, Florencia Luz"]
[Black "Salvadego, Erika Giovana De O"]
[Result "1-0"]
[WhiteElo "1736"]
[BlackElo "1502"]
[PlyCount "53"]
[EventDate "2019.12.01"]
[EventType "swiss"]
[EventRounds "9"]
[EventCountry "ARG"]
[SourceTitle "EXT 2024"]
[Source "ChessBase"]
[SourceDate "2023.10.10"]
[SourceVersion "1"]
[SourceVersionDate "2023.10.10"]
[SourceQuality "1"]

1. e4 e6 2. d4 d5 3. Nd2 Nf6 4. e5 Nfd7 5. Bd3 c5 6. c3 Nc6 7. Ne2 f6 8. exf6 Nxf6 9. Nf3 cxd4 10. cxd4 Bd6 11. 0-0 0-0 12. Bg5 Qc7 13. Nc3 Bd7 14. Bh4 h6 15. Nb5 Qb8 16. Nxd6 Qxd6 17. Bg3 Qb4 18. Re1 Nh5 19. Ne5 Nxe5 20. Bxe5 Nf4 21. Qg4 g5 22. Re3 Nxd3 23. Rxd3 Qxb2 24. Rf1 Bb5 25. Qxe6+ Rf7 26. Rf3 Be8 27. Qg6+ 1-0

[Event "Sao Bento do Sul op"]
[Site "Sao Bento do Sul"]
[Date "2019.08.25"]
[Round "6"]
[White "Goncalves, Mateus"]
[Black "Salvadego, Erika Giovana De O"]
[Result "1/2-1/2"]
[WhiteElo "1747"]
[BlackElo "1514"]
[PlyCount "52"]
[EventDate "2019.08.23"]
[EventType "swiss"]
[EventRounds "7"]
[EventCountry "BRA"]
[SourceTitle "EXT 2020"]
[Source "ChessBase"]
[SourceDate "2019.10.17"]
[SourceVersion "1"]
[SourceVersionDate "2019.10.17"]
[SourceQuality "1"]

1. Nf3 Nf6 2. c4 e6 3. d4 d5 4. Nc3 Be7 5. Bf4 0-0 6. e3 c5 7. Bd3 Nc6 8. 0-0 Nh5 9. Bg3 Nxg3 10. hxg3 cxd4 11. exd4 dxc4 12. Bxc4 Bf6 13. d5 Na5 14. Bb3 Nxb3 15. Qxb3 Bxc3 16. Qxc3 exd5 17. Rfd1 Be6 18. Nd4 Qf6 19. Nb5 Qxc3 20. Nxc3 Rfd8 21. Rd4 Rd7 22. Rad1 Rad8 23. f3 f6 24. Kf2 Kf7 25. g4 g6 26. a3 a6 1/2-1/2

[Event "Caioba Copel op 5th"]
[Site "Caioba"]
[Date "2019.08.16"]
[Round "2"]
[White "Silva, Janderson Rossi Da"]
[Black "Salvadego, Erika Giovana De O"]
[Result "1-0"]
[WhiteElo "1864"]
[BlackElo "1514"]
[PlyCount "49"]
[EventDate "2019.08.15"]
[EventType "swiss"]
[EventRounds "6"]
[EventCountry "BRA"]
[SourceTitle "EXT 2020"]
[Source "ChessBase"]
[SourceDate "2019.10.17"]
[SourceVersion "1"]
[SourceVersionDate "2019.10.17"]
[SourceQuality "1"]

1. Nf3 Nf6 2. c4 e6 3. Nc3 Be7 4. e4 d6 5. d4 0-0 6. Bd3 Nbd7 7. 0-0 e5 8. Bg5 exd4 9. Nxd4 Nc5 10. f4 Nxd3 11. Qxd3 Ng4 12. Bxe7 Qxe7 13. Nd5 Qd7 14. Nf5 g6 15. Qg3 Kh8 16. Qxg4 gxf5 17. Qg5 f6 18. Nxf6 Qf7 19. e5 dxe5 20. fxe5 Qxc4 21. Rf4 Qc5+ 22. Kh1 Qxe5 23. Nxh7 Re8 24. Nf6 Qe1+ 25. Rf1 1-0

[Event "Caioba Copel op 5th"]
[Site "Caioba"]
[Date "2019.08.15"]
[Round "1"]
[White "Salvadego, Erika Giovana De O"]
[Black "Mariani, Daniel Brandao"]
[Result "1-0"]
[WhiteElo "1514"]
[BlackElo "2069"]
[PlyCount "99"]
[EventDate "2019.08.15"]
[EventType "swiss"]
[EventRounds "6"]
[EventCountry "BRA"]
[SourceTitle "EXT 2020"]
[Source "ChessBase"]
[SourceDate "2019.10.17"]
[SourceVersion "1"]
[SourceVersionDate "2019.10.17"]
[SourceQuality "1"]

1. d4 d5 2. Nf3 Nf6 3. Bg5 Ne4 4. Bf4 c5 5. c3 Nc6 6. e3 Qb6 7. Qc2 h6 8. Nbd2 Bf5 9. Bd3 Nxd2 10. Nxd2 Bxd3 11. Qxd3 Qxb2 12. Rb1 Qa3 13. Qb5 Qa6 14. Qxb7 Qxb7 15. Rxb7 cxd4 16. cxd4 e6 17. Ke2 Ba3 18. Rb3 Bb4 19. Rc1 Bxd2 20. Rxc6 Ba5 21. Ra6 Bd8 22. Rb7 0-0 23. Bd6 Re8 24. Raxa7 Rxa7 25. Rxa7 Bf6 26. Rb7 Ra8 27. Rb8+ Rxb8 28. Bxb8 Kf8 29. Kd3 g6 30. Bd6+ Ke8 31. Kc3 Kd7 32. Bc5 h5 33. Kb4 Kc6 34. a4 Bd8 35. a5 Bc7 36. g3 h4 37. a6 Bd8 38. a7 Kb7 39. Kb5 hxg3 40. hxg3 Bc7 41. f4 g5 42. a8Q+ Kxa8 43. Kc6 gxf4 44. exf4 Ba5 45. Kd7 Be1 46. g4 Bh4 47. Ke8 f6 48. Kf7 Kb7 49. Kxe6 Kc6 50. Be7 1-0

[Event "Blumenau STD op"]
[Site "Blumenau"]
[Date "2018.09.30"]
[Round "5"]
[White "Salvadego, Erika Giovana De O"]
[Black "Moyses Sobrinho, Elias"]
[Result "0-1"]
[WhiteElo "1492"]
[BlackElo "1915"]
[PlyCount "100"]
[EventDate "2018.09.28"]
[EventType "swiss"]
[EventRounds "6"]
[EventCountry "BRA"]
[SourceTitle "EXT 2020"]
[Source "ChessBase"]
[SourceDate "2019.10.17"]
[SourceVersion "1"]
[SourceVersionDate "2019.10.17"]
[SourceQuality "1"]

1. d4 Nf6 2. c4 c5 3. d5 b5 4. cxb5 a6 5. bxa6 Bxa6 6. Nc3 d6 7. e4 Bxf1 8. Kxf1 Nbd7 9. a4 g6 10. g3 Bg7 11. Kg2 0-0 12. Qe2 Qb6 13. Nf3 Ng4 14. Ne1 h5 15. h3 Ngf6 16. Nf3 Qb4 17. Bd2 Nb6 18. Rhe1 Nc4 19. Nb5 Nxd2 20. Nxd2 Rxa4 21. Rxa4 Qxa4 22. Nc3 Qb4 23. Nc4 Nd7 24. Rc1 Rb8 25. Na2 Qb3 26. Nc3 Ne5 27. Nxe5 Bxe5 28. f4 Bd4 29. Rc2 Ra8 30. Nb5 Ra2 31. Nxd4 cxd4 32. Rd2 d3 33. Qxd3 Rxb2 34. Qxb3 Rxb3 35. e5 dxe5 36. fxe5 Re3 37. d6 exd6 38. exd6 Re8 39. Kf3 f6 40. g4 hxg4+ 41. hxg4 Kf7 42. Kf4 g5+ 43. Kf3 Rd8 44. Ke4 Ke6 45. d7 Rxd7 46. Rxd7 Kxd7 47. Kf5 Ke7 48. Ke4 Ke6 49. Ke3 Ke5 50. Kf3 Kd4 0-1

[Event "Blumenau STD op"]
[Site "Blumenau"]
[Date "2018.09.30"]
[Round "6"]
[White "Salvadego, Matheus Henrique De"]
[Black "Salvadego, Erika Giovana De O"]
[Result "1-0"]
[WhiteElo "1818"]
[BlackElo "1492"]
[PlyCount "89"]
[EventDate "2018.09.28"]
[EventType "swiss"]
[EventRounds "6"]
[EventCountry "BRA"]
[SourceTitle "EXT 2020"]
[Source "ChessBase"]
[SourceDate "2019.10.17"]
[SourceVersion "1"]
[SourceVersionDate "2019.10.17"]
[SourceQuality "1"]

1. d4 Nf6 2. c4 g6 3. Nc3 Bg7 4. e4 d6 5. Nf3 0-0 6. Be2 e5 7. 0-0 Nc6 8. d5 Ne7 9. Ne1 Nd7 10. f3 f5 11. Be3 f4 12. Bf2 g5 13. Rc1 Nf6 14. c5 a6 15. cxd6 cxd6 16. Na4 Bd7 17. Nb6 Rb8 18. Qb3 Nc8 19. Nc4 g4 20. Qb4 gxf3 21. Bxf3 Bg4 22. Na5 Qd7 23. Bb6 Nxb6 24. Qxb6 Bxf3 25. gxf3 Rfc8 26. Rxc8+ Rxc8 27. Qxb7 Qxb7 28. Nxb7 Rb8 29. Nxd6 Rxb2 30. Rf2 Rxf2 31. Kxf2 Bf8 32. Nf5 Kf7 33. Nd3 Nd7 34. Ke2 Ke8 35. Kd2 Kd8 36. Kc3 Kc7 37. Kc4 Kb6 38. d6 Kc6 39. Nb4+ Kb7 40. Kd5 Nb6+ 41. Kxe5 Nc4+ 42. Kxf4 Nxd6 43. Nd3 Kc7 44. Nc5 Nxf5 45. Ne6+ 1-0

[Event "Registro Hirota Memorial U2200 3rd"]
[Site "Registro"]
[Date "2018.07.29"]
[Round "4.9"]
[White "Itagyba, Renan Fortes"]
[Black "Salvadego, Erika Giovana De O"]
[Result "1-0"]
[WhiteElo "1717"]
[BlackElo "1444"]
[PlyCount "63"]
[EventDate "2018.07.28"]
[EventType "swiss"]
[EventRounds "6"]
[EventCountry "BRA"]
[SourceTitle "EXT 2022"]
[Source "ChessBase"]
[SourceDate "2021.10.06"]
[SourceVersion "1"]
[SourceVersionDate "2021.10.06"]
[SourceQuality "1"]

1. e4 e6 2. d3 d5 3. Nd2 c5 4. Ngf3 Nc6 5. g3 Nf6 6. Bg2 Be7 7. 0-0 0-0 8. e5 Nd7 9. Re1 Qc7 10. Qe2 b5 11. h4 Bb7 12. Nf1 Rfc8 13. N1h2 Bf8 14. c3 a6 15. Bf4 Qd8 16. Ng4 h5 17. Ngh2 g6 18. Ng5 Bg7 19. Bh3 Qe8 20. Nhf3 Nb6 21. Qd2 Rd8 22. Rac1 Rac8 23. Rc2 b4 24. Rec1 bxc3 25. Rxc3 Nd7 26. Re1 d4 27. Rb3 Rb8 28. Ne4 Rdc8 29. Nd6 Qe7 30. Nxb7 Nf8 31. Nd6 Rxb3 32. Nxc8 1-0

[Event "BRA-ch U14 Girls"]
[Site "Florianopolis"]
[Date "2018.04.28"]
[Round "1"]
[White "Salvadego, Erika Giovana De O"]
[Black "Ghovatto, Ana Luiza Ramirez Z"]
[Result "1/2-1/2"]
[WhiteElo "1479"]
[BlackElo "1251"]
[PlyCount "113"]
[EventDate "2018.04.28"]
[EventType "swiss"]
[EventRounds "6"]
[EventCountry "BRA"]
[SourceTitle "EXT 2021"]
[Source "ChessBase"]
[SourceDate "2020.10.23"]
[SourceVersion "1"]
[SourceVersionDate "2020.10.23"]
[SourceQuality "1"]

1. d4 Nf6 2. c4 g6 3. Nc3 Bg7 4. e4 d6 5. Nf3 Nbd7 6. h3 b6 7. Be3 Bb7 8. d5 c6 9. Be2 Rc8 10. 0-0 0-0 11. Rc1 cxd5 12. cxd5 Nc5 13. Nd2 Ncd7 14. Nb5 Rxc1 15. Qxc1 a6 16. Nc3 Re8 17. b4 e6 18. dxe6 Rxe6 19. Bd3 d5 20. exd5 Nxd5 21. Nxd5 Bxd5 22. a4 Bb7 23. Bc4 Re8 24. Nb3 Nf6 25. Rd1 Qc7 26. Be2 Qxc1 27. Rxc1 Nd5 28. Bf3 b5 29. Bxd5 Bxd5 30. Nc5 bxa4 31. Nxa4 Bf8 32. Nc5 Bxc5 33. Rxc5 Bb7 34. Rc7 Bd5 35. g3 Rb8 36. Bd4 h6 37. Bc5 Kg7 38. Bd6 h5 39. Rxf7+ Kxf7 40. Bxb8 Ke7 41. f4 Kd7 42. Kf2 Kc6 43. Ba7 Kb5 44. Ke3 Kxb4 45. Kd4 Bf7 46. Bc5+ Kb5 47. Bf8 Ka4 48. Ke5 Be8 49. g4 hxg4 50. hxg4 Kb3 51. f5 gxf5 52. gxf5 a5 53. Ke6 a4 54. f6 a3 55. Bxa3 Kxa3 56. f7 Bxf7+ 57. Kxf7 1/2-1/2

[Event "BRA-ch U14 Girls"]
[Site "Florianopolis"]
[Date "2018.04.28"]
[Round "2"]
[White "Ziliotto, Barbara Magro"]
[Black "Salvadego, Erika Giovana De O"]
[Result "0-1"]
[WhiteElo "1741"]
[BlackElo "1479"]
[PlyCount "62"]
[EventDate "2018.04.28"]
[EventType "swiss"]
[EventRounds "6"]
[EventCountry "BRA"]
[SourceTitle "EXT 2021"]
[Source "ChessBase"]
[SourceDate "2020.10.23"]
[SourceVersion "1"]
[SourceVersionDate "2020.10.23"]
[SourceQuality "1"]

1. e4 e6 2. d4 d5 3. Nd2 Nf6 4. e5 Nfd7 5. Bd3 c5 6. c3 Nc6 7. Ne2 cxd4 8. cxd4 f6 9. exf6 Nxf6 10. 0-0 Bd6 11. Nf3 0-0 12. Re1 Ng4 13. h3 Nf6 14. Qc2 Qc7 15. Bg5 h6 16. Bh4 e5 17. dxe5 Nxe5 18. Nxe5 Bxe5 19. Qxc7 Bxc7 20. Nd4 Bb6 21. Nf5 Bxf5 22. Bxf5 g5 23. Bg3 Nh5 24. Be6+ Kh7 25. Bh2 Bxf2+ 26. Kh1 Bxe1 27. Rxe1 Rae8 28. g4 Ng7 29. Bf5+ Nxf5 30. Rxe8 Rxe8 31. gxf5 Rf8 0-1

[Event "Maringa Parana-ch"]
[Site "Maringa"]
[Date "2018.02.04"]
[Round "8"]
[White "Salvadego, Erika Giovana De O"]
[Black "Melo, Sergio Roberto Samp"]
[Result "1-0"]
[WhiteElo "1282"]
[BlackElo "1721"]
[PlyCount "65"]
[EventDate "2018.01.31"]
[EventType "swiss"]
[EventRounds "8"]
[EventCountry "BRA"]
[SourceTitle "CBM 182 Extra"]
[Source "ChessBase"]
[SourceDate "2018.02.23"]
[SourceVersion "1"]
[SourceVersionDate "2018.02.23"]
[SourceQuality "1"]

1. d4 Nf6 2. c4 e5 3. dxe5 Ng4 4. Bf4 Nc6 5. Nf3 Bb4+ 6. Nc3 Qe7 7. Qd5 Bxc3+ 8. bxc3 f6 9. exf6 Nxf6 10. Qd3 d6 11. e3 0-0 12. Be2 Bg4 13. 0-0 Bh5 14. Qc2 Bg6 15. Qb3 Rab8 16. c5+ d5 17. Rfd1 Bf7 18. Nd4 Qxc5 19. Rdc1 Ne7 20. Qb4 b6 21. Nb5 Nc6 22. Qxc5 bxc5 23. Bxc7 Rb7 24. Bd6 Re8 25. Bxc5 Ne4 26. Ba3 Ne5 27. f3 a6 28. fxe4 axb5 29. exd5 Nc4 30. Bxc4 bxc4 31. Bc5 Rb5 32. Bb4 Bxd5 33. a4 1-0

[Event "Maringa Parana-ch"]
[Site "Maringa"]
[Date "2018.02.01"]
[Round "3"]
[White "Cogorni, Thiago Henrique"]
[Black "Salvadego, Erika Giovana De O"]
[Result "1-0"]
[WhiteElo "1861"]
[BlackElo "1282"]
[PlyCount "39"]
[EventDate "2018.01.31"]
[EventType "swiss"]
[EventRounds "8"]
[EventCountry "BRA"]
[SourceTitle "CBM 182 Extra"]
[Source "ChessBase"]
[SourceDate "2018.02.23"]
[SourceVersion "1"]
[SourceVersionDate "2018.02.23"]
[SourceQuality "1"]

1. e4 e6 2. Nf3 d5 3. Nc3 Nf6 4. exd5 exd5 5. d4 Be6 6. Bd3 Bd6 7. 0-0 0-0 8. Bg5 Nbd7 9. Re1 c6 10. Ne5 Qc7 11. Nxd7 Nxd7 12. Kh1 Bxh2 13. Qh5 h6 14. Bxh6 gxh6 15. Rxe6 Bf4 16. Rg6+ Kh8 17. Rxh6+ Kg7 18. Rg6+ fxg6 19. Qxg6+ Kh8 20. Qh7# 1-0